Normal view
MARC view
- Muñoz, Inti
Entry Nombre Personal
001 - NUMERO DE CONTROL
- campo de control: 50767
003 - IDENTIFICADOR DE NUMERO DE CONTROL
- campo de control: MX-MxUPN
005 - FECHA Y HORA DE LA ÜLTIMA TRANSACCIÓN
- campo de control: 20240110092356.0
008 - DATOS DE LONGITUD FIJA
- campo de control de longitud fija: 240110|| aca||aabn | a|a d
040 ## - FUENTE DE CATALOGACIÓN
- Agencia original de catalogación: MX-MxUPN
- Lenguaje de catalogación: spa
- Agencia de transcripción: MX-MxUPN
100 1# - ENCABEZAMIENTO - NOMBRE PERSONAL
- Nombre personal: Muñoz, Inti
670 ## - FUENTE EN LA QUE SE LOCALIZARON DATOS
- Cita de la fuente: Libro blanco del patrimonio cultural UNESCO en la ciudad de México, 2018:
- Información localizada: portada (Inti Muñoz)
902 ## - CATALOGADOR
- Catalogador: Víctor Ruiz/100124
